000 01792cam a22004694i 4500
003 PE-LiUPU
005 20250731173320.0
008 150625s2002 sp r 000 0 spa d
020 _a8489770964
035 _a(Sirsi) i9788489770966
040 _aPE-LiUPU
_bspa
_cPE-LiUPU
_erda
049 _aPRUA
082 0 4 _a215
_bF38
_221
100 1 _aFernández-Rañada, Antonio,
_d1939- ,
_eautor.
245 1 4 _aLos cientificos y Dios /
_cAntonio Fernández-Rañada.
250 _a3a. edición.
264 1 _aOviedo :
_bNobel,
_c2002.
300 _a371 páginas ;
_c23 centímetros.
336 _atext
_2rdacontent
337 _aunmediated
_2rdamedia
338 _avolume
_2rdacarrier
490 0 _aColección Jovellanos de ensayo ;
_v20
505 0 _aMirada y preguntas -- Ciencia y religión -- De las pruebas de la existencia de Dios -- El azar y la necesidad -- El diseño del mundo y la evolución de las especies -- La creación -- Actitudes de científicos ante la idea de Dios -- La ciencia y el misterio.
526 _aSEG42
526 _aSEG41
526 _aSEG40
526 _aSEG39
526 _aP94
526 _aP87
526 _aP86
526 _aP85
526 _aP77
526 _aP76
526 _aP35
650 0 4 _aReligión y ciencia.
942 _2ddc
_cBOOK
949 _a215 F38
_wDEWEY
_c1
_i57479
_d2016-5-5
_e2016-5-5
_lCCODEBUL1
_mBUL
_n5
_p38.00
_r0
_sY
_tBOOK
_u2015-6-25
_xTEOLOGIA
_PP35
_0COMPRA
_o.STAFF. Colección General
994 _aC0
_bPEPRU
596 _a1
999 _a215 F38
_wDEWEY
_c46516
_i57479
_d46516
_e2018-8-20
_f2021-11-9
_g5
_lCCODEBUL1
_mBUL
_n7
_p38.00
_r0
_sY
_tBOOK
_u2015-6-25
_xTEOLOGIA
_PP35
_0COMPRA
_o.STAFF. Colección Teología
980 _81
_gALBERTO SANCHEZ Responsable de Automatización